|
|
|
|
| LEADER |
01070cam a2200253 7i4500 |
| 001 |
0000058340 |
| 005 |
20210324090000.0 |
| 020 |
|
|
|a 9780323072212 (electronic book)
|
| 090 |
0 |
0 |
|a RC78.7.D35
|b C37 2010
|
| 100 |
1 |
|
|a Carter, Christi E
|
| 245 |
1 |
0 |
|a Digital radiography and PACS
|c Christi E. Carter, Beth L. Veale.
|
| 264 |
|
|
|a St. Louis, Missouri:
|b Mosby Elsevier,
|c 2010.
|
| 300 |
|
|
|a 1 online resource (240 pages):
|b illustrations, text file, PDF.
|
| 336 |
|
|
|a text
|2 rdacontent
|
| 337 |
|
|
|a computer
|2 rdamedia
|
| 338 |
|
|
|a online resource
|2 rdacarrier
|
| 650 |
|
0 |
|a Radiographic Image Interpretation, computer-assisted --
|x Instrumentation
|
| 650 |
|
0 |
|a Image Processing, computer-assisted --
|x Methods
|
| 650 |
|
0 |
|a Radiographic Image Interpretation, computer-assisted --
|x Methods
|
| 655 |
|
0 |
|a Electronic books
|
| 856 |
4 |
2 |
|u http://library.unisel.edu.my/equip-unisel/custom/ebook_catalog/ebook/DigitalradiographyandPACS.pdf
|
| 997 |
|
|
|a Health Sciences, Faculty
|
| 998 |
|
|
|a Medical Imaging, Diploma
|
| 999 |
|
|
|a EBO0004679
|b EBOOK
|c EBOOK
|e Electronic resources
|